Real-time Monitoring of Managed Aquifer Recharge

Spremljeno u:
Bibliografski detalji
Daljnji autori: citrisuc
Format: Knjiga
Jezik:engleski
Teme:
Online pristup:Real-time Monitoring of Managed Aquifer Recharge
Oznake: Dodaj oznaku
Bez oznaka, Budi prvi tko označuje ovaj zapis!

MARC

LEADER 00000nam a22000004a 4500
001 vpro6268
005 20201223000000.0
008 130801s2013 ck # g## #001 0#eng#d
020
022
040 |a CO-BoINGC 
041 0 |a eng 
245 1 0 |a Real-time Monitoring of Managed Aquifer Recharge 
246 |a Real-time Monitoring of Managed Aquifer Recharge 
264 |a Bogot ̀(Colombia) :  |b Revista VirtualPRO,  |c 2013 
520 3
650 \ \
650 \ \
650 \ \
650 \ \ |a   
700 \ \ |a citrisuc 
856 |z Real-time Monitoring of Managed Aquifer Recharge  |u https://virtualpro.unach.elogim.com/biblioteca/real-time-monitoring-of-managed-aquifer-recharge